|
|
|
|
| LEADER |
00000nab a2200000 a 4500 |
| 001 |
vtls000859707 |
| 003 |
SK-MaSNL |
| 005 |
20260304210400.0 |
| 008 |
250429c xo 0 slo |
| 015 |
|
|
|a SNBRB2004/01-02914
|
| 035 |
|
|
|a CLN000211327
|
| 035 |
|
|
|a urn:nbn:sk:snk-abrnb
|
| 035 |
|
|
|a (urnnbn)urn:nbn:sk:snk:ar-a05myc
|
| 035 |
|
|
|a (uuid)bb7cc297-7522-42b3-8094-a840ecc0519d
|
| 040 |
|
|
|a SNKBUCL
|b slo
|c SNKBUCL
|e AACR2
|
| 041 |
0 |
|
|a cze
|
| 044 |
|
|
|a xo
|c SK
|
| 080 |
|
|
|a 616.89-008.441:615.851
|2 1997
|
| 100 |
1 |
|
|a Kryl, Michal
|4 aut
|9 1429180
|
| 245 |
1 |
0 |
|a Psychoterapie úzkostných stavů
|c Michal Kryl
|
| 504 |
|
|
|a Res. čes.
|
| 504 |
|
|
|a Bibliogr. odkazy
|
| 650 |
0 |
7 |
|a úzkosť
|2 MESH
|9 2612
|
| 650 |
0 |
7 |
|a kognitívna terapia
|2 MESH
|9 75464
|
| 650 |
0 |
7 |
|a relaxácia
|2 MESH
|9 4284
|
| 650 |
0 |
7 |
|a metódy
|2 MESH
|9 3855
|
| 650 |
0 |
7 |
|a hypnóza
|2 MESH
|9 15525
|
| 650 |
0 |
7 |
|a behaviorálna terapia
|2 MESH
|9 83566
|
| 655 |
|
7 |
|a články z novín a časopisov
|2 snkbucl
|9 267496
|
| 773 |
0 |
|
|t Psychiatria pre prax
|g Roč. 4 (v SR 2), č. 4 (2003), s. 180-181
|x 1335-9584
|
| 850 |
|
|
|a Slovenská národná knižnica
|
| 852 |
|
|
|a Slovenská národná knižnica
|
| 954 |
|
|
|a odborná, vedecká literatúra cudzojazyčná (svetová)
|2 lita
|
| 958 |
|
|
|a article27
|
| 958 |
|
|
|a MI
|
| 958 |
|
|
|a NB
|
| 958 |
|
|
|a OND
|
| 958 |
|
|
|a EUIPO
|
| 999 |
|
|
|c 3125845
|d 3127775
|